000 00751nam a2200265Ia 4500
003 OSt
005 20220926015442.0
006 a|||||r|||| 00| 0
007 ta
008 220923b |||||||| |||| 00| 0 eng d
020 _a1403946213
037 _cGeneral Book
040 _aRTL
_cRTL
_beng
041 _2eng
_aeng
082 _aX64, P6
100 _aAran Hemendra
_9322324
245 0 _aGlobal financial markets revolution
_b Future of exc
260 _aNew York
_bPalgrave Macmillan
_c2006
300 _axv, 206p
_ccm.
500 _aBibliography p 195-96
650 _aMoney Market
700 _a Patel Alpesh B
_9322325
942 _hX64, P6
_cGB
_2CC
999 _c631578
_d631578